• 首页
  • 本馆介绍
  • 公告通知
  • 最新文献
  • 馆藏检索
  • 电子资源
  • 读者导购
  • 参考咨询
  • 我的图书馆
  • 登录
  • 详细信息显示
  • 放入我的书架
  • 预约/预借图书
  • 作者相关作品
  • 分类相关作品
  • 丛书相关作品
  • 出版社相关作品

书目信息

  • 表格格式
  • 工作单格式
  • 卡片格式
题名:
电影新形态:从微电影到网络大电影
    
 
作者: 潘桦 主编
分册:  
出版信息: 北京   中国广播电视出版社  2018.01
页数: 216页
开本: 19cm
丛书名: 中国传媒大学“潘桦导演工作室”系列丛书
单 册:
中图分类: J992
科图分类:
主题词: 电影事业--研究--中国
电子资源:
ISBN: 978-7-5043-7955-9
000 01239oam2 2200265 450
001 1146
005 20180927140529.79
010    @a978-7-5043-7955-9@dCNY26.00
100    @a20180315d2018 em y0chiy50 ea
101 0  @achi
102    @aCN@b110000
105    @aa z 000yy
200 1  @a电影新形态:从微电影到网络大电影@Adian ying xin xing tai:cong wei dian ying dao wang luo da dian ying@9dian ying xin xing tai@e从微电影到网络大电影@dTransformation@efrom micro film to internet film@f潘桦主编@zeng
210    @a北京@c中国广播电视出版社@d2018.01
215    @a216页@c彩图@d19cm
225 2  @a中国传媒大学“潘桦导演工作室”系列丛书@i微电影指南手册@h1
330    @a本书分为三个大章节,第一章节详细地介绍了微电影在新媒体时代下是怎么产生的,微电影的特点,什么人能做微电影,微电影详细的生产流程。第二章节详细叙述微电影的发展历程:从微电影发展到到网络大电影。第三章节介绍了网络大电影——大数据时代下的微电影升级。
461  0 @12001 @a中国传媒大学“潘桦导演工作室”系列丛书
462  0 @12001 @a微电影指南手册
510 1  @aTransformation@efrom micro film to internet film@zeng
606 0  @a电影事业@x研究@y中国
690    @aJ992@v5
701  0 @a潘桦@9pan hua@c(女)@4主编
801  0 @aCN@b91MARC@c20180315
905    @aMuseLib@dJ992@e356
    
    电影新形态:从微电影到网络大电影:从微电影到网络大电影=Transformation:from micro film to internet film/潘桦主编.-北京:中国广播电视出版社,2018.01
    216页:彩图;19cm.-(中国传媒大学“潘桦导演工作室”系列丛书.微电影指南手册.1)
    
    
    ISBN 978-7-5043-7955-9:CNY26.00
    本书分为三个大章节,第一章节详细地介绍了微电影在新媒体时代下是怎么产生的,微电影的特点,什么人能做微电影,微电影详细的生产流程。第二章节详细叙述微电影的发展历程:从微电影发展到到网络大电影。第三章节介绍了网络大电影——大数据时代下的微电影升级。
●
相关链接 在E读中查询图书 在五车中查询图书 在当当中查询图书 在豆瓣中查询图书


正题名:电影新形态:从微电影到网络大电影     索取号:J992/356         预约/预借

序号 登录号 条形码 馆藏地/架位号 状态 备注
1 1121389   211213890   第一样本阅览室/ [索取号:J992/356] 在馆    
2 1121390   211213907   第一借阅区/ [索取号:J992/356] 在馆    
3 1121391   211213916   密集书库-物理学院/ [索取号:J992/356] 在馆    
4 1121392   211213925   第一借阅区/ [索取号:J992/356] 在馆    
5 1121393   211213934   第一借阅区/ [索取号:J992/356] 在馆    
唐山师范学院图书馆 欢迎您!
大连网信软件有限公司© 版权所有